| 000 | 00000nam 2200000zi 4500 |
| 001 | 9.937164 |
| 003 | CaOODSP |
| 005 | 20250912155136 |
| 006 | m o d f |
| 007 | cr |n||||||||| |
| 008 | 240419e20240130onc ob f|0| 0 fre d |
| 040 | |aCaOODSP|bfre|erda|cCaOODSP |
| 043 | |an-cn--- |
| 086 | 1 |aRv55-8/18-3-2-2024F-PDF |
| 245 | 00|aCadre de droits d'accise sur les produits de vapotage. |
| 250 | |a[Édition de 30 janvier 2024]. |
| 264 | 1|aOttawa : |bAgence des services frontaliers du Canada, |c30 janiver 2024. |
| 300 | |a1 ressource en ligne (22 pages non numérotées). |
| 336 | |atexte|btxt|2rdacontent/fre |
| 337 | |ainformatique|bc|2rdamedia/fre |
| 338 | |aressource en ligne|bcr|2rdacarrier/fre |
| 490 | 1 |aMémorandum, |x2369-2405 ; |vD18-3-2 |
| 500 | |aPublié aussi en anglais sous le titre : Excise duty framework for vaping products. |
| 500 | |a« Mémorandum(s) précédent(s), D18-3-2 le 15 décembre 2022. » |
| 504 | |aComprend des références bibliographiques (page [21-22]). |
| 650 | 6|aVapotage|xDroit|zCanada. |
| 650 | 6|aCigarettes électroniques|xImpôts|zCanada. |
| 710 | 2 |aAgence des services frontaliers du Canada, |eorganisme de publication. |
| 775 | 08|tExcise duty framework for vaping products.|w(CaOODSP)9.937160 |
| 794 | |tCadre de droits d'accise sur les produits de vapotage.|b[Édition de 25 juin 2025]|w(CaOODSP)9.955293 |
| 795 | |tCadre de droits d'accise sur les produits de vapotage.|b[Édition de 15 décembre 2022]|w(CaOODSP)9.924880 |
| 830 | #0|aMémorandum (Agence des services frontaliers du Canada)|vD18-3-2.|w(CaOODSP)9.816826 |
| 856 | 40|qPDF|s1.43 Mo|uhttps://publications.gc.ca/collections/collection_2024/asfc-cbsa/Rv55-8-18-3-2-2024-fra.pdf |